Putous-hahmot - Statistics

Yleistilastot
  • Tätä visaa on pelattu 267 kertaa
    214 viimeisimmän päivityksen jälkeen
  • Keskiarvotulos 25 / 107
Vastaustilastot
Näyttelijä Hahmo % Oikein
Riku Nieminen Munamies
93%
Aku Hirviniemi Marja Tyrni
70%
Kiti Kokkonen Tanhupallo
63%
Aku Hirviniemi Usko Eevertti Luttinen
51%
Krista Kosonen Raisa Reikänaama
50%
Pilvi Hämäläinen Aina Inkeri Ankeinen
47%
Iina Kuustonen Jani-Petteri
46%
Jussi Vatanen Mr. Mallorca
44%
Aku Hirviniemi Timo Harjakainen
44%
Jussi Vatanen Antsku
43%
Armi Toivanen Leena Hefner o.s. Herppeenluoma
42%
Ernest Lawson Ansa Kynttilä
41%
Mikko Penttilä Taika-Pasi
41%
Kari Hietalahti Juri Kakka
40%
Aku Hirviniemi Samppa Linna
39%
Joonas Nordman Salme Pasi
38%
Iina Kuustonen Sisko Sikiö
36%
Riku Nieminen Veli Sikiö
36%
Timo Lavikainen Isä Nitro
35%
Eero Ritala Jone Riksusta
35%
Antti Holma Kristiina ”Kissi” Vähä-Hiilari
35%
Joonas Nordman Matti Pikkuvanhanen
35%
Iina Kuustonen Sui-Hing
35%
Ernest Lawson Abdul Tuisku
34%
Riku Nieminen Kete Rahkonen
34%
Iina Kuustonen Jäbä Leisson
32%
Armi Toivanen Ymmi Hinaaja
32%
Jukka Rasila Sulo
31%
Aku Hirviniemi Slaikka Gustafsson
29%
Elina Knihtilä Vaalimaan Vampyyri
29%
Krista Kosonen Kristoffer Taxfree
28%
Timo Lavikainen Pieru
28%
Christoffer Strandberg Nöpö-Felix
27%
Elena Leeve Piia Potka
27%
Jussi Vatanen Kari ”Köli” Rautiainen
26%
Jukka Rasila Mr. Aimo Ala-Mansikka
26%
Armi Toivanen Sanna-Raipe Helminen
26%
Jenni Kokander Svetlana Rönkkö
26%
Mikko Töyssy Urmas Viilunk
26%
Jukka Rasila Hänman
25%
Niina Koponen Loordi Lally
25%
Ville Myllyrinne Jari Potsi
24%
Jussi Vatanen Karim Z. Yskowicz
24%
Heikki Ranta Lapin Patja
24%
Pilvi Hämäläinen Make-vauva
24%
Krista Kosonen Mikko Zetterberg
24%
Ernest Lawson Pentti Olavi Liitikko
24%
Jukka Rasila Pilvi Pouta
24%
Pilvi Hämäläinen Pönttö
24%
Ville Tiihonen Ari Stevari
23%
Jukka Rasila Martin Niemi
23%
Dennis Nylund Folke Rundqvist
22%
Ernest Lawson Afrobotti
21%
Riku Nieminen Hieno Åhlgreen
21%
Mari Perankoski Karjalan Kandalfi
21%
Antti Tuomas Heikkinen Yölintu
21%
Krista Kosonen Yosefina ”Yossu” Samantha Näätä
21%
Jenni Kokander Irma Rönkkö
20%
Kari Ketonen Rontgoteus Hittavainen
20%
Joanna Haartti Shamaani Pusutin
20%
Krista Kosonen Sirkka "Sika" Vainola
20%
Christoffer Strandberg Barbi de Voro
18%
Pirjo Lonka Birger Borg
18%
Pilvi Hämäläinen Jamo63725
18%
Riku Nieminen Jarmo Heikkinen eli Heikkis-Jamo
18%
Maaria Nuoranne Limu-Miska
18%
Minka Kuustonen ”Ratiomies" Murosen Kari
18%
Christoffer Strandberg Salon Seija
18%
Mikko Töyssy Kaisla Sose
17%
Mikko Penttilä Amaryllis Yamamoto
15%
Jenni Kokander Amurin enkeli
15%
Pilvi Hämäläinen Tuija Eronen
15%
Kari Ketonen Aimo Sonni
14%
Mari Perankoski Alli Kaattori
14%
Aku Sipola Hannu Gandhi
13%
Kaisa Hela Hansvilivili Hansvälimäki
13%
Alina Tomnikov Kikka Vaara
13%
Mikko Virtanen Muuses Lypsäväinen
13%
Riku Nieminen Tapio Nautavaara
13%
Mikko Penttilä Turkka ”Stögis” Kuppi
13%
Essi Hellén Julia ”Jusu” Herlin
12%
Pihla Penttinen Mallu-Jasmina
12%
Lauren Lehtinen Mimmu
11%
Mikko Penttilä Simpsa
11%
Terhi Suorlahti Tosi-Täti
11%
Helmi-Leena Nummela Yleis-Sirpa
11%
Aija Pahkala Anja Jankka
10%
Antti Tuomas Heikkinen Auto-Seppo
10%
Linnea Leino Hillevi Häntä-Heikkilä
10%
Jenni Kokander Kari Tolkku
10%
Pilvi Hämäläinen Kurjakylän Tiltu
10%
Helmi-Leena Nummela Lisko-Leena Vähä-Pätölä
10%
Riku Nieminen Mari "Makkarainen" Hakkarainen
10%
Maaria Nuoranne Päivi Viemää
10%
Essi Hellén Angela Bros
9%
Ville Tiihonen Arvid von Maksa
9%
Terhi Suorlahti Carjaleena Piiracca
9%
Ville Tiihonen Jorma ”Jortsu” Ylivuotinen
9%
Heikki Ranta Marajorma
9%
Mikko Töyssy Tonttu
9%
Aapo Oranen Alvari Perätorvi
8%
Malla Malmivaara Caizla
8%
Timo Lavikainen Bjarne ”Mursu” Walrus
7%
Pilvi Hämäläinen Die-Harri
7%
Jyri Ojansivu Heimo Herkkä
7%
Pihla Maalismaa Kape Virallinen
7%
Mikko Töyssy Risto ”Wildman” Horttanainen
7%
Ehtoja vastaavia visoja ei löytynyt
Tulosjakauma
Jokaisen tuloksen saaneiden osuus
Persentiili vastausten määrän mukaan
Tuloshistoriasi
Et ole pelannut tätä visaa sen viimeisimmän päivityksen jälkeen